| 000 | 01114njm a22002777a 4500 | ||
|---|---|---|---|
| 005 | 2010091806426.0 | ||
| 006 | a|||||r|||||00| 0 | ||
| 007 | sd ammalaaahaa | ||
| 008 | 100831t xxu||||| |||| 00| 0 eng d | ||
| 028 |
_aG/ECSD.3073 _bEnchanting Hour |
||
| 035 | _aGR-03564 | ||
| 040 |
_aSED _cSED |
||
| 100 |
_aMaan, Gurdas _917690 |
||
| 245 |
_aAlarh jawani de alarh tamashe / _cby Gurdas Maan; music by Charanjit Ahuja _h[Sound Recording] : |
||
| 246 | _aअलाढ़ जवानी दे अलाढ़ तमाशे /गुरदास मान द्वारा | ||
| 260 |
_aDum Dum India _bEnchanting Hour _c1983 |
||
| 300 |
_a1 sound disc (Gramophone Recording) _banalog 33 1/3 rpm _c12 in. (LP) _fGramophone Record |
||
| 500 | _aBrief Record | ||
| 500 | _aRecord label:Enchanting Hour;Black | ||
| 505 | _aSide-2 Wagan leilo wangan (Gurdas Maan) | ||
| 600 |
_aMaan, Gurdas _920639 |
||
| 650 |
_aPunjabi folk songs _xExcerpts _zIndia _917691 |
||
| 700 |
_aAhuja, Charanjit _920643 |
||
| 942 |
_2ddc _cGR |
||
| 999 |
_c46695 _d46695 |
||